Elements of General and Biological Chemistry: an in troduduction to the molecular basis of life
| Main Author: | |
|---|---|
| Format: | Section = Libro |
| Language: | Undetermined Spanish |
| Published: |
John Wiley & Sons
1972
|
| Edition: | 3a.ed |
| Subjects: |
| LEADER | 00710nam a2200229Ia 4500 | ||
|---|---|---|---|
| 008 | 240830s9999 xx 000 0 und d | ||
| 020 | |a 0-471-40846-8 | ||
| 040 | |a CEDOC FIQ-RUSB / 570 H758 | ||
| 041 | |a spa | ||
| 082 | |a 570 H758 | ||
| 100 | 1 | |a Holum, John R. | |
| 245 | 1 | 0 | |a Elements of General and Biological Chemistry: an in troduduction to the molecular basis of life |
| 250 | |a 3a.ed | ||
| 260 | |b John Wiley & Sons |c 1972 | ||
| 300 | |a 578 p.: il. | ||
| 650 | 7 | |a CIENCIAS BIOLÓGICAS | |
| 650 | 7 | |b LA NATURALEZA DE LA MATERIA: LA TEORÍA ATÓMICA | |
| 650 | 7 | |c LOS MOLES, ESTADOS DE LA MATERIA: ENERGÍA QUÍMICA | |
| 650 | 7 | |d LOS HIDROCARBUROS. | |
| 942 | |c BK |2 ddc | ||
| 991 | |a TEXTO | ||
| 999 | |c 27158 | ||